000 00893 a2200205 4500
001 34671
005 20260407155633.0
008 260407a1972 arg spa d
003 AR-UNSa-BCEJYS
040 _aAR-UNSa-BCEJYS
_bspa
_cAR-UNSa-BCEJYS
080 _a658.14
_xFinanciación. Financiación de las empresas. Obtención de capital
245 1 0 _aSistema estratégico de inversiones
264 1 _aBuenos Aires :
_bEdiciones Macchi
_c1972
300 _a152 p.
_c23 cm.
505 _a1. Problemática del proceso de inversiones - 2. Estilo de dirección - 3. Sistema de información - 4. La variable financiera - 5. La variable económica - 6. Diagnóstico para el crecimiento - 7. Bases operativas de selección de proyectos - 8. Análisis de riesgos
942 _cBK
590 _aniveau_biblio:m niveau_hierar:0
100 1 _aGeli, Alejandro César
700 1 _aSenderovich, Isaac Aizik
999 _c2487
_d2487